000 01317nam a2200241Ia 4500
999 _c54131
_d54131
001 21186
003 GE_BSU
005 20210716181529.0
008 181216s2005||||ge |||||||||||||| ||geo||
040 _cGE_BSU
041 _ageo
080 _a341.226 ს-36
245 _aსაჰაერო სამართალი :
_b ნორმატიული აქტების კრებული ცვლილებებითა და დამატებებით 2005 წლის 15 დეკემბრამდე /
264 _aთბილისი :
_bბონა კაუზა,
_c2005.
300 _a101 გვ. ;
_c20 სმ.
490 _aიურისტის ბიბლიოთეკა
500 _aწინამდებარე წიგნში წარმოდგენილია ის ნორმატიული აქტები,რომლებიც არეგულირებენ საჰაერო სამართლში აღმოცენებულ ურთიერთობებს
541 _h20ლ.
653 _aსამართალი
653 _aსაჰაერო სამართალი
653 _aნორმატიული აქტების კრებული
942 _cBK
_2udc